00300nam a2200121Ia 45000030006000000080041000060400015000471000041000622450037001032600009001405460012001490050017001610STCL150530s9999 xx 000 0 und d aSTCLcSTCL aMelville; John Gallagher, F.; Editor aShort novels of Herman Mellville c1962 aEnglish20220125171340.0